Desarrollo de un sistema de planeamiento y control de la producción para Compañía Nacional de Chocolates
Gardado en:
| Autor Principal: | |
|---|---|
| Outros autores: | |
| Formato: | Libro |
| Publicado: |
[San José, Costa Rica]
2009
|
| Materias: | |
| Etiquetas: |
Engadir etiqueta
Sen Etiquetas, Sexa o primeiro en etiquetar este rexistro!
|
MARC
| LEADER | 00000nam a2200000Ia 4500 | ||
|---|---|---|---|
| 003 | 010424 | ||
| 005 | 20221231144047.0 | ||
| 008 | 140114s2009 cr a 000 ||s d | ||
| 040 | |c cru CEDI | ||
| 090 | |a TFG 5926 | ||
| 100 | |a Leitón Díaz, Pablo |9 3675 | ||
| 245 | |a Desarrollo de un sistema de planeamiento y control de la producción para Compañía Nacional de Chocolates | ||
| 260 | |c 2009 |b [San José, Costa Rica] | ||
| 300 | |a xiii, 198 hojas; ilustraciones | ||
| 500 | |a Proyecto de graduación (licenciatura en ingeneiría industrial)--Universidad de Costa Rica. Faculta de Ingeniería. Escuela de Ingeniería Industrial | ||
| 650 | |x COMPAÑIA NACIONAL DE CHOCOLATES (COSTA RICA) |x PRODUCCION (TEORIA ECONOMICA) |x PLANIFICACION |x CONTROL |x CONTROL DE PROCESOS |x ) PLANIFICACION DE LA PRODUCCION |x PLANIFICACION ESTRATEGICA |x TOMA DE DECISIONES |9 3677 | ||
| 700 | |9 3676 |a Vargas Esquivel, Ana Catalina | ||
| 942 | |c TFG | ||
| 999 | |c 16309 |d 16309 | ||
